Movies Quiz

Random Movies or Animation Quiz

Disney Animated Images per Letter Quiz Stats

 Plays Quiz Updated Aug 1, 2016

Challenge
Share
Tweet
Score 0/18 Timer 04:00
3 Plays Today
% Correct
Dumbo
98.6%
Alice in Wonderland
98.1%
Peter Pan
97.6%
The Jungle Book
97.2%
Mulan
95.8%
Lilo & Stitch
93.9%
The Fox and the Hound
93.7%
Chicken Little
92.8%
The Hunchback of Notre Dame
91.9%
% Correct
Sleeping Beauty
86.7%
Zootopia
86.4%
The Emperor's New Groove
82.2%
Wreck-It Ralph
81.6%
Robin Hood
72.9%
Oliver & Company
65.2%
The Great Mouse Detective
60.4%
The Black Cauldron
40.3%
The Three Caballeros
33%

You're not logged in!

Compare scores with friends on all Sporcle quizzes.
Join for Free
OR
Log In

You Might Also Like...

Show Comments

Extras

Top Quizzes Today


Score Distribution

Your Account Isn't Verified!

In order to create a playlist on Sporcle, you need to verify the email address you used during registration. Go to your Sporcle Settings to finish the process.

Report this User

Report this user for behavior that violates our Community Guidelines.

Details: